000 00395nam a2200157Ia 4500
003 GCL
008 140319s9999 xx 000 0 ara d
040 _aGCL /
_cGCL
082 0 4 _a813.03
_bس ن
100 1 _aسيد عويس
245 1 0 _aنهاية المهزله /
_cسيد عويس
490 _aكتاب
_v0
650 0 4 _aالادب العربى
650 0 4 _aالادب
942 _2ddc
_cBK
999 _c41836
_d41836